000 00784nam a2200229 a 4500
001 12800
003 CO-ViMGA
008 141112s2004 ck r 000 u spa d
020 _a02536013
040 _aCO-ViMGA
_bspa
_cCO-ViMGA
082 0 4 _a338.918 B15p
110 _aBanco InterAméricano de Desarrollo
_918562
245 1 0 _aProgreso Economico y social en América Latina :
_bInforme
260 _aWashington :
_bBanco InterAméricano,
_c1991
300 _a323p. : il.
500 _aInforme 1990 - La Mujer trabajadora en América Latina. Informe 1991 - Seguridad Social. .
590 _aEjemplares : 3
650 1 4 _aBANCOS - América LATINA
_918563
650 1 4 _aBANCOS INTERNACIONALES
_912857
650 1 4 _aDESARROLLO ECONOMICO - América LATINA
_918564
942 _2ddc
_cBK
999 _c21669
_d21669